Még egyszer Szent Gellért prédikációiról

Elmentve itt :
Bibliográfiai részletek
Szerző: Szegfű László
Dokumentumtípus: Cikk
Megjelent: 1999
Sorozat:Aetas 14 No. 3
Kulcsszavak:Gellért - Szent - csanádi püspök, Szentek élete - magyar - forrás, Egyháztörténet - katolikus - Magyarország - 11. sz. - forrás
Online Access:http://acta.bibl.u-szeged.hu/40888
LEADER 00713nab a2200181 i 4500
001 acta40888
005 20260224081030.0
008 170718s1999 hu o 000 hun d
022 |a 0237-7934 
040 |a SZTE Egyetemi Kiadványok Repozitórium  |b hun 
041 |a hun 
100 1 |a Szegfű László 
245 1 0 |a Még egyszer Szent Gellért prédikációiról  |h [elektronikus dokumentum] /  |c  Szegfű László 
260 |c 1999 
300 |a 12-21 
490 0 |a Aetas  |v 14 No. 3 
695 |a Gellért - Szent - csanádi püspök, Szentek élete - magyar - forrás, Egyháztörténet - katolikus - Magyarország - 11. sz. - forrás 
856 4 0 |u http://acta.bibl.u-szeged.hu/40888/1/aetas_1999_003_012-021.pdf  |z Dokumentum-elérés